[Event "Titled Tuesday intern op 30th Apr Early"]
[Site "Chess.com INT"]
[Date "2024.04.30"]
[Round "2"]
[White "Janeczko, Jakub"]
[Black "Iniyan, Panneerseluam"]
[Result "0-1"]
[WhiteElo "2255"]
[BlackElo "2495"]
[PlyCount "52"]
[EventDate "2024.04.30"]
[EventType "swiss (blitz)"]
[EventRounds "11"]
[EventCountry "USA"]
[SourceTitle "CB19_2024"]
[SourceDate "2024.05.08"]
[SourceVersion "1"]
[SourceVersionDate "2024.05.08"]
[SourceQuality "1"]

1. e4 c5 2. d3 Nc6 3. g3 d6 4. Bg2 g6 5. f4 Bg7 6. Nf3 Nf6 7. 0-0 0-0 8. Nc3 Rb8 9. h3 b5 10. g4 b4 11. Ne2 a5 12. Be3 Nd7 13. Rb1 a4 14. Rf2 Ba6 15. f5 c4 16. Ned4 Nxd4 17. Nxd4 cxd3 18. cxd3 Ne5 19. Qxa4 Bxd3 20. Rd1 Qc7 21. g5 Rfc8 22. f6 exf6 23. gxf6 Bf8 24. Rc1 Qb7 25. Ne2 Bxe4 26. Rc7 Rxc7 0-1

[Event "Titled Tuesday intern op 23rd Apr Late"]
[Site "Chess.com INT"]
[Date "2024.04.23"]
[Round "3"]
[White "Janeczko, Jakub"]
[Black "Alvarez Albiol, Victor"]
[Result "0-1"]
[WhiteElo "2255"]
[BlackElo "2105"]
[PlyCount "74"]
[EventDate "2024.04.23"]
[EventType "swiss (blitz)"]
[EventRounds "11"]
[EventCountry "USA"]
[SourceTitle "CB18_2024"]
[SourceDate "2024.05.01"]
[SourceVersion "1"]
[SourceVersionDate "2024.05.01"]
[SourceQuality "2"]

1. e4 c5 2. d3 d5 3. exd5 Nf6 4. c4 e6 5. dxe6 Bxe6 6. Nc3 Nc6 7. Be3 Qd7 8. Be2 0-0-0 9. Nf3 h6 10. 0-0 g5 11. Ne4 Nxe4 12. dxe4 Nd4 13. Bxd4 cxd4 14. Bd3 Bg7 15. b4 f5 16. exf5 Bxf5 17. Qc2 Bg4 18. Nd2 Kb8 19. c5 Be6 20. b5 Bd5 21. Rfc1 Rc8 22. Bf5 Qxb5 23. Bxc8 Rxc8 24. Rab1 Qc6 25. f3 g4 26. Ne4 gxf3 27. gxf3 Be5 28. Kh1 Rf8 29. Kg2 Qg6+ 30. Ng3 Bxf3+ 31. Kg1 d3 32. Qf2 Qg4 33. c6 Bd4 34. Rxb7+ Kc8 35. Rxa7 Bxf2+ 36. Kxf2 Qd4+ 37. Ke1 Qxa7 0-1

[Event "Titled Tuesday intern op 23rd Apr Late"]
[Site "Chess.com INT"]
[Date "2024.04.23"]
[Round "1"]
[White "Janeczko, Jakub"]
[Black "Schut, Han"]
[Result "1-0"]
[WhiteElo "2255"]
[BlackElo "2091"]
[PlyCount "137"]
[EventDate "2024.04.23"]
[EventType "swiss (blitz)"]
[EventRounds "11"]
[EventCountry "USA"]
[SourceTitle "CB18_2024"]
[SourceDate "2024.05.01"]
[SourceVersion "1"]
[SourceVersionDate "2024.05.01"]
[SourceQuality "2"]

1. e4 c5 2. d3 g6 3. g3 Bg7 4. Bg2 e6 5. f4 Ne7 6. Nf3 Nbc6 7. 0-0 0-0 8. c3 Rb8 9. Be3 d6 10. d4 cxd4 11. cxd4 d5 12. e5 Bd7 13. Nbd2 Na5 14. Bf2 Nc4 15. b3 Nxd2 16. Qxd2 Bb5 17. Rfc1 Rc8 18. g4 Rxc1+ 19. Rxc1 Qd7 20. Bh4 Rc8 21. Bf6 Rxc1+ 22. Qxc1 Qc8 23. Qd2 Bf8 24. Bh3 Nc6 25. f5 Nb4 26. fxe6 fxe6 27. g5 Bd7 28. Ne1 Nc6 29. Nf3 Nb4 30. Ne1 Nc6 31. Nc2 a5 32. Bf1 Nb4 33. Ne3 b6 34. h4 Na6 35. h5 Be8 36. h6 Nb4 37. Ng4 Qc2 38. Qxc2 Nxc2 39. Bd8 Nxd4 40. Nf6+ Kf7 41. Nxh7 Nf3+ 42. Kf2 Nxe5 43. Nxf8 Kxf8 44. h7 Nf7 45. Bf6 a4 46. h8Q+ Nxh8 47. Bxh8 axb3 48. axb3 Ke7 49. Be5 Bf7 50. Ke3 Kd7 51. Bb5+ Kc8 52. Kd4 Kb7 53. Bd6 Kc8 54. Ke5 Kd8 55. Kf6 Be8 56. Bxe8 Kxe8 57. Kxe6 d4 58. Bf4 d3 59. Kf6 Kd7 60. Bd2 Kd6 61. Kxg6 Kd5 62. Kf7 Kd4 63. g6 Ke4 64. g7 Kf3 65. g8Q Ke2 66. Qg2+ Kd1 67. Be3 Ke1 68. Qf2+ Kd1 69. Qd2# 1-0

[Event "Titled Tuesday intern op 23rd Apr Late"]
[Site "Chess.com INT"]
[Date "2024.04.23"]
[Round "2"]
[White "Sargsyan, Shant"]
[Black "Janeczko, Jakub"]
[Result "1-0"]
[WhiteElo "2637"]
[BlackElo "2255"]
[PlyCount "55"]
[EventDate "2024.04.23"]
[EventType "swiss (blitz)"]
[EventRounds "11"]
[EventCountry "USA"]
[SourceTitle "CB18_2024"]
[SourceDate "2024.05.01"]
[SourceVersion "1"]
[SourceVersionDate "2024.05.01"]
[SourceQuality "2"]

1. c4 Nf6 2. g3 g6 3. Bg2 Bg7 4. Nc3 0-0 5. d3 d6 6. Rb1 e5 7. Nf3 Nc6 8. 0-0 Bg4 9. b4 Qd7 10. b5 Ne7 11. Bg5 h6 12. Bxf6 Bxf6 13. Nd2 c6 14. Qb3 Bg7 15. bxc6 bxc6 16. Qb7 Qe6 17. Bxc6 Nxc6 18. Qxc6 Bh3 19. Rfc1 h5 20. Nf3 Bh6 21. Rd1 Rac8 22. Qd5 Qf5 23. Qxd6 Rfe8 24. Ne4 Rcd8 25. Nf6+ Kh8 26. Nxe8 Rxd6 27. Nxd6 Qe6 28. Nxe5 1-0

[Event "Krakow op-A 34th"]
[Site "Krakow"]
[Date "2024.01.04"]
[Round "9"]
[White "Buchenau, Frank"]
[Black "Janeczko, Jakub"]
[Result "1/2-1/2"]
[WhiteElo "2135"]
[BlackElo "2283"]
[PlyCount "76"]
[EventDate "2023.12.27"]
[EventType "swiss"]
[EventRounds "9"]
[EventCountry "POL"]
[SourceTitle "CB02_2024"]
[SourceDate "2024.01.10"]
[SourceVersion "1"]
[SourceVersionDate "2024.01.10"]
[SourceQuality "1"]

1. e4 c5 2. Nf3 d6 3. Bb5+ Nd7 4. 0-0 a6 5. Bd3 Ngf6 6. Re1 e6 7. c3 b5 8. Bc2 c4 9. a4 Bb7 10. d4 cxd3 11. Bxd3 bxa4 12. Qxa4 Be7 13. b4 0-0 14. Nbd2 a5 15. Qb3 axb4 16. Rxa8 Bxa8 17. cxb4 e5 18. Ba3 Qb8 19. Rc1 Qa7 20. h3 d5 21. exd5 Nxd5 22. Re1 Nf4 23. Be4 Qa6 24. Bb2 Bxe4 25. Nxe4 Qg6 26. Ng3 h5 27. Nxe5 Nxe5 28. Bxe5 Nd3 29. Re4 Rd8 30. Bxg7 Qxg7 31. Rxe7 Qf6 32. Re4 Qxf2+ 33. Kh2 Nf4 34. Qf3 Qxf3 35. gxf3 Rd2+ 36. Kh1 Rd1+ 37. Kh2 Rd2+ 38. Kh1 Rd1+ 1/2-1/2

[Event "POL-ch Rapid U18"]
[Site "Bydgoszcz"]
[Date "2023.08.30"]
[Round "11"]
[White "Janeczko, Jakub"]
[Black "Krasniewski, Maciej"]
[Result "0-1"]
[WhiteElo "2157"]
[BlackElo "1763"]
[PlyCount "98"]
[EventDate "2023.08.28"]
[EventType "swiss"]
[EventRounds "11"]
[EventCountry "POL"]
[SourceTitle "EXT 2024"]
[Source "ChessBase"]
[SourceDate "2023.10.10"]
[SourceVersion "1"]
[SourceVersionDate "2023.10.10"]
[SourceQuality "1"]

1. e4 g6 2. h4 h6 3. d4 Bg7 4. Nc3 d6 5. h5 g5 6. f4 gxf4 7. Bxf4 a6 8. Nf3 b5 9. a4 b4 10. Nd5 a5 11. Bc4 e6 12. Ne3 Bb7 13. Qd3 Nd7 14. 0-0-0 Nb6 15. Bb3 Ba6 16. Qd2 Nf6 17. e5 Ne4 18. Qe1 d5 19. Nd2 Nxd2 20. Qxd2 Qd7 21. Ng4 0-0-0 22. Nxh6 Nxa4 23. Ba2 c5 24. dxc5 Nxc5 25. Ng4 Qa4 26. Kb1 Ne4 27. Qd4 Bf8 28. Qa7 Bb7 29. Be3 Qb5 30. Ka1 Bc5 31. Bxc5 Nxc5 32. Ne3 Rd7 33. Rdf1 Bc6 34. Rxf7 Rxa7 35. Rxa7 Qe2 36. h6 Qxe3 37. Rg7 Qxe5 38. Bb3 a4 39. Rf1 a3 40. c3 axb2+ 41. Ka2 Qxc3 42. h7 Qxg7 43. g4 Nxb3 44. g5 Nd2 45. g6 Nxf1 46. Kb1 Nd2+ 47. Kc2 b1Q+ 48. Kxd2 Qc3+ 49. Ke2 Qbe1# 0-1

[Event "Ustron op-A"]
[Site "Ustron"]
[Date "2023.08.14"]
[Round "5"]
[White "Janeczko, Jakub"]
[Black "Hnydiuk, Aleksander"]
[Result "0-1"]
[WhiteElo "2255"]
[BlackElo "2345"]
[PlyCount "78"]
[EventDate "2023.08.11"]
[EventType "swiss"]
[EventRounds "9"]
[EventCountry "POL"]
[SourceTitle "CBM 215 Extra"]
[Source "ChessBase"]
[SourceDate "2023.09.30"]
[SourceVersion "1"]
[SourceVersionDate "2023.09.30"]
[SourceQuality "1"]

1. e4 e5 2. Nf3 Nf6 3. Nxe5 d6 4. Nf3 Nxe4 5. Nc3 Nxc3 6. dxc3 Be7 7. Be3 0-0 8. Qd2 Nd7 9. 0-0-0 Nf6 10. Bd3 c5 11. Rhe1 Be6 12. Bg5 Re8 13. Qf4 d5 14. c4 h6 15. Bxh6 gxh6 16. cxd5 Qxd5 17. Re5 Bd6 18. Qxf6 Bxe5 19. Nxe5 Qxg2 20. Nf3 Kf8 21. Rg1 Qxf2 22. Bh7 Qe3+ 23. Kb1 Bg4 24. a3 Qxf3 25. Qxh6+ Ke7 26. Qh4+ Kd6 27. Rxg4 Re1+ 28. Ka2 Rae8 29. Rf4 Qd5+ 30. c4 Qd1 31. Rxf7 Qa1+ 32. Kb3 R1e3+ 33. Ka4 Qd1+ 34. Ka5 b6+ 35. Ka6 Qa4+ 36. Kb7 R3e7+ 37. Rxe7 Rxe7+ 38. Qxe7+ Kxe7 39. Bg8 Qd7+ 0-1

[Event "Warsaw Najdorf Memorial op-A"]
[Site "Warsaw"]
[Date "2023.07.19"]
[Round "9"]
[White "Janeczko, Jakub"]
[Black "Smetek, Michal"]
[Result "1-0"]
[WhiteElo "2085"]
[BlackElo "1943"]
[PlyCount "105"]
[EventDate "2023.07.11"]
[EventType "swiss"]
[EventRounds "9"]
[EventCountry "POL"]
[SourceTitle "EXT 2024"]
[Source "ChessBase"]
[SourceDate "2023.10.10"]
[SourceVersion "1"]
[SourceVersionDate "2023.10.10"]
[SourceQuality "1"]

1. e4 e6 2. d4 d5 3. e5 c5 4. c3 Nc6 5. Nf3 Bd7 6. Bd3 Qb6 7. 0-0 cxd4 8. Re1 a6 9. Nbd2 dxc3 10. bxc3 Rc8 11. Qe2 Nge7 12. Rb1 Qc7 13. Nb3 g6 14. Ba3 Nf5 15. Bxf8 Kxf8 16. Bxf5 exf5 17. Qd2 Kg7 18. Qg5 Qd8 19. Qg3 Qe7 20. Nbd4 Be6 21. h4 b5 22. Ne2 Rhg8 23. Nf4 Kh8 24. Ng5 Nd8 25. Rbd1 Rc4 26. Re3 Nb7 27. Rd4 Nc5 28. f3 h6 29. Ngh3 Rc8 30. Qxg6 Qxh4 31. g3 fxg6 32. Nxg6+ Kg7 33. Nxh4 Na4 34. Nf4 Kf7 35. Nxe6 Kxe6 36. Ng2 Nxc3 37. Nf4+ Kd7 38. e6+ Ke8 39. Rd2 b4 40. Re5 Rxf4 41. gxf4 Ke7 42. Rh2 Rg8+ 43. Kf2 Rg6 44. Ke3 Nb5 45. Rh5 Nd6 46. Kd4 Rg1 47. Rxh6 Rd1+ 48. Kc5 Rc1+ 49. Kxd5 Rd1+ 50. Kc6 Rc1+ 51. Rc5 Rxc5+ 52. Kxc5 Nb5 53. Kd5 1-0

[Event "Warsaw Najdorf Memorial op-A"]
[Site "Warsaw"]
[Date "2023.07.14"]
[Round "4"]
[White "Ladan, Nicholas John"]
[Black "Janeczko, Jakub"]
[Result "0-1"]
[WhiteElo "2260"]
[BlackElo "2085"]
[PlyCount "96"]
[EventDate "2023.07.11"]
[EventType "swiss"]
[EventRounds "9"]
[EventCountry "POL"]
[SourceTitle "EXT 2024"]
[Source "ChessBase"]
[SourceDate "2023.10.10"]
[SourceVersion "1"]
[SourceVersionDate "2023.10.10"]
[SourceQuality "1"]

1. d4 Nf6 2. c4 c5 3. d5 b5 4. Qc2 b4 5. e4 d6 6. Bd3 g6 7. f4 Bg7 8. Nd2 a5 9. Ne2 0-0 10. 0-0 a4 11. Nf3 Bg4 12. Ng3 Bxf3 13. Rxf3 a3 14. bxa3 Nxe4 15. Nxe4 Bxa1 16. Rh3 Nd7 17. Ng5 Qa5 18. Nxh7 b3 19. Qe2 Bd4+ 20. Kf1 Qc3 21. Bd2 Qa1+ 22. Be1 bxa2 23. Bxg6 fxg6 24. Qe6+ Kg7 25. Ng5 Qxe1+ 26. Kxe1 a1Q+ 27. Kd2 Qb2+ 28. Kd1 Qb1+ 29. Kd2 Bc3+ 30. Rxc3 Qf5 31. Qxe7+ Rf7 32. Qxd6 Nf6 33. Re3 Rb7 34. Re7+ Rxe7 35. Qxe7+ Kh6 36. Nf7+ Kh5 37. Qe2+ Ng4 38. Qf3 g5 39. h3 Qxf7 40. Qxg4+ Kg6 41. Qxg5+ Kh7 42. g4 Qg7 43. Qf5+ Kh8 44. Qh5+ Kg8 45. f5 Kf8 46. Qh4 Qd4+ 47. Ke1 Re8+ 48. Kf1 Qd1+ 0-1

[Event "Warsaw Maciei Memorial"]
[Site "Warsaw"]
[Date "2023.07.10"]
[Round "6"]
[White "Zochowski, Kacper"]
[Black "Janeczko, Jakub"]
[Result "1-0"]
[WhiteElo "2252"]
[BlackElo "2085"]
[PlyCount "60"]
[EventDate "2023.07.10"]
[EventType "swiss (blitz)"]
[EventRounds "11"]
[EventCountry "POL"]
[SourceTitle "CBM 215 Extra"]
[Source "ChessBase"]
[SourceDate "2023.09.30"]
[SourceVersion "1"]
[SourceVersionDate "2023.09.30"]
[SourceQuality "1"]

1. Nf3 g6 2. c4 Bg7 3. Nc3 e5 4. g3 d6 5. d3 f5 6. Bg2 Nf6 7. d4 e4 8. Ng5 h6 9. Nh3 c6 10. d5 c5 11. Nf4 Kf7 12. 0-0 Na6 13. Ne6 Bxe6 14. dxe6+ Kxe6 15. f4 e3 16. Bxe3 Nc7 17. g4 Nxg4 18. Bc1 Qf6 19. Bxb7 Qd4+ 20. e3 Qxd1 21. Rxd1 Rab8 22. Bf3 Bxc3 23. bxc3 Nf6 24. Rd3 Rb6 25. Bd2 Rb2 26. Be1 Rhb8 27. Rad1 R8b6 28. R3d2 a5 29. a4 Ne4 30. Bxe4 fxe4 1-0

[Event "Bydgoszcz op-A"]
[Site "Bydgoszcz"]
[Date "2023.07.02"]
[Round "9"]
[White "Parligras, Mircea Emilian"]
[Black "Janeczko, Jakub"]
[Result "1-0"]
[WhiteElo "2556"]
[BlackElo "2202"]
[PlyCount "77"]
[EventDate "2023.06.24"]
[EventType "swiss"]
[EventRounds "9"]
[EventCountry "POL"]
[SourceTitle "CBM 215 Extra"]
[Source "ChessBase"]
[SourceDate "2023.09.30"]
[SourceVersion "1"]
[SourceVersionDate "2023.09.30"]
[SourceQuality "1"]

1. d4 Nf6 2. c4 g6 3. Nc3 Bg7 4. e4 d6 5. h3 0-0 6. Be3 e5 7. d5 Na6 8. g4 Nc5 9. f3 c6 10. h4 cxd5 11. cxd5 h5 12. g5 Nh7 13. Qd2 Bd7 14. b4 Na6 15. Nb5 Qe7 16. Nxa7 f5 17. Bxa6 bxa6 18. Nc6 Qe8 19. Rc1 fxe4 20. fxe4 Bg4 21. Rh2 Rf4 22. Bxf4 exf4 23. Qxf4 Qd7 24. Rf2 Re8 25. Ne2 Qb7 26. Rc4 Nf8 27. Qxd6 Qb5 28. Qc5 Nd7 29. Qxb5 axb5 30. Rc2 Rxe4 31. Rf4 Re3 32. Kf2 Rh3 33. Kg2 Ne5 34. d6 Rd3 35. Rd4 Bh3+ 36. Kh1 Rf3 37. Nxe5 Bxe5 38. Ng1 Rf1 39. Rd5 1-0